Liiga-joukkueet - Statistics

Yleistilastot
  • Tätä visaa on pelattu 282 kertaa
    179 viimeisimmän päivityksen jälkeen
  • Keskiarvotulos 14 / 16
Vastaustilastot
% Oikein
Tappara
97%
HIFK
95%
Ilves
95%
SaiPa
94%
Ässät
92%
Kärpät
92%
Lukko
92%
TPS
91%
KalPa
89%
Kiekko-Espoo
88%
KooKoo
86%
Sport
86%
Pelicans
85%
HPK
83%
JYP
83%
Jukurit
82%
Ehtoja vastaavia visoja ei löytynyt
Tulosjakauma
Jokaisen tuloksen saaneiden osuus
Persentiili vastausten määrän mukaan
Tuloshistoriasi
Et ole pelannut tätä visaa sen viimeisimmän päivityksen jälkeen